LEADER 01957nam 2200433Ia 450 001 996393238903316 005 20221108103330.0 035 $a(CKB)1000000000680693 035 $a(EEBO)2240922781 035 $a(UnM)99897853 035 $a(UnM)9928928800971 035 $a(EXLCZ)991000000000680693 100 $a19990126d1661 uy | 101 0 $alat 135 $aurbn#|||a|bb| 200 10$aBaptistæ Mantuani Carmelitæ Adolescentia, seu Bucolica, brevibus Jod. Badii commentariis illustrata. His accesserunt J. Murmelii in singulas ecclogas argumenta cum annotatiunculis ejusdem in loca aliquot obscuriora. Accessit & index, non ille vertus & indigestus, sed novus omnino, ac locupletior multo?; opera?, Barth Laurentii$b[electronic resource] 210 $aLondini $ctypis Sarah Griffin, pro societat. Stationar$d1661 215 $a[6], 163, [7] p 300 $aIncludes index. 300 $aFinal leaf is blank. 300 $aReproduction of original in the Glasgow University Library. 330 $aeebo-0166 606 $aYoung men$vEarly works to 1800 606 $aYoung women$vEarly works to 1800 606 $aYouth$vEarly works to 1800 615 0$aYoung men 615 0$aYoung women 615 0$aYouth 700 $aBaptista$cMantuanus,$f1447-1516..$0476291 701 $aMurmellius$b Johann$f1480-1517.$0864537 701 $aBadius$b Josse$f1462-1535.$0311222 701 $aLorente$b Bartolome?$fd. 1577.$01002520 801 0$bCu-RivES 801 1$bCu-RivES 801 2$bWaOLN 906 $aBOOK 912 $a996393238903316 996 $aBaptistæ Mantuani Carmelitæ Adolescentia, seu Bucolica, brevibus Jod. Badii commentariis illustrata. His accesserunt J. Murmelii in singulas ecclogas argumenta cum annotatiunculis ejusdem in loca aliquot obscuriora. Accessit & index, non ille vertus & indigestus, sed novus omnino, ac locupletior multo?; opera?, Barth Laurentii$92780299 997 $aUNISA